ბათუმის შოთა რუსთაველის სახელმწიფო უნივერსიტეტის ბიბლიოთეკა

Эфиопика / (ბიბ.ჩანაწერი № 61115)

000 -LEADER
fixed length control field 00479nam a22001577a 4500
005 - DATE AND TIME OF LATEST TRANSACTION
control field 20231220153200.0
008 - FIXED-LENGTH DATA ELEMENTS--GENERAL INFORMATION
fixed length control field 231220s1964 ru ||||| |||| 00| 0 rus d
041 ## - LANGUAGE CODE
Language code of text/sound track or separate title rus
080 ## - UNIVERSAL DECIMAL CLASSIFICATION NUMBER
Universal Decimal Classification number 821.14-31 Г-91
100 ## - MAIN ENTRY--PERSONAL NAME
Personal name Гелиодор
9 (RLIN) 20807
245 ## - TITLE STATEMENT
Title Эфиопика /
Statement of responsibility, etc. Гелиодор.
264 ## - PRODUCTION, PUBLICATION, DISTRIBUTION, MANUFACTURE, AND COPYRIGHT NOTICE
Place of production, publication, distribution, manufacture М.:
Name of producer, publisher, distributor, manufacturer Художественная литература,
Date of production, publication, distribution, manufacture, or copyright notice 1964 г.
300 ## - PHYSICAL DESCRIPTION
Extent 374 с.;
Other physical details 21 см.
653 ## - INDEX TERM--UNCONTROLLED
keyword ეთიოპია
942 ## - ADDED ENTRY ELEMENTS (KOHA)
Source of classification or shelving scheme
Koha item type წიგნი

არაა ხელმისაწვდომი ეგზემპლარები.